Personnel/Human Resource Management (Record no. 347577)

000 -LEADER
fixed length control field 00507 a2200169 4500
020 ## - INTERNATIONAL STANDARD BOOK NUMBER
International Standard Book Number 8185274835
024 ## - OTHER STANDARD IDENTIFIER
Standard number or code 9788185274836
082 ## - DEWEY DECIMAL CLASSIFICATION NUMBER
Classification number 658
090 ## - LOCALLY ASSIGNED LC-TYPE CALL NUMBER (OCLC); LOCAL CALL NUMBER (RLIN)
-- 5157
-- 5157
100 ## - MAIN ENTRY--PERSONAL NAME
Personal name heneman, Schwab, Fossum, Dyer
245 ## - TITLE STATEMENT
Title Personnel/Human Resource Management
Statement of responsibility, etc. Herbert G. Heneman, Donald P. Schwab, John A. Fossum, Lee D. Dyer
250 ## - EDITION STATEMENT
Edition statement 4th Ed.
260 ## - PUBLICATION, DISTRIBUTION, ETC.
Place of publication, distribution, etc. New Delhi, India
Name of publisher, distributor, etc. Universal Book Stall Publishers Ltd.
Date of publication, distribution, etc. 1998
300 ## - PHYSICAL DESCRIPTION
Extent 739
500 ## - GENERAL NOTE
General note papercover
942 ## - ADDED ENTRY ELEMENTS (KOHA)
Institution code [OBSOLETE] NBS
Koha item type Book
Call number prefix 658 HEN
Holdings
Withdrawn status Lost status Damaged status Not for loan Permanent Location Current Location Date acquired Total Checkouts Full call number Barcode Date last seen Price effective from Koha item type
        Central Library (CL) Central Library (CL) 08/28/2013   658 HEN NBS387 08/28/2013 08/28/2013 Book
© 2023 Central Library, National University of Sciences and Technology. All Rights Reserved.